[Event "IRI-chT"]
[Site "Iran"]
[Date "2005.07.22"]
[Round "7"]
[White "Ibrahimov, Rasul"]
[Black "Dehdashti Zadeh, A."]
[Result "1-0"]
[WhiteElo "2511"]
[BlackElo "2229"]
[PlyCount "49"]
[EventDate "2005.05.26"]
[EventType "team"]
[EventRounds "11"]
[EventCountry "IRI"]
[SourceTitle "CBM 106 Extra"]
[Source "ChessBase"]
[SourceDate "2005.07.01"]
[SourceVersion "1"]
[SourceVersionDate "2005.07.01"]
[SourceQuality "1"]

1. Nf3 b5 2. g3 Bb7 3. Bg2 Nf6 4. 0-0 e6 5. d3 d5 6. c4 dxc4 7. dxc4 Qxd1 8. Rxd1 b4 9. Bf4 Nbd7 10. Bxc7 Rc8 11. Bf4 Bc5 12. Ne5 Bxg2 13. Nxd7 Nxd7 14. Kxg2 e5 15. Bc1 Nb6 16. a3 bxa3 17. b3 a5 18. Bxa3 Bd4 19. Ra2 a4 20. bxa4 Nxc4 21. Bb4 Rb8 22. Bc3 Bc5 23. Rc2 Be7 24. Ba1 Rc8 25. Rdc1 1-0

[Event "IRI-chT"]
[Site "Iran"]
[Date "2005.06.09"]
[Round "3"]
[White "Amini, Amer"]
[Black "Dehdashti Zadeh, A."]
[Result "0-1"]
[WhiteElo "2267"]
[BlackElo "2229"]
[PlyCount "90"]
[EventDate "2005.05.26"]
[EventType "team"]
[EventRounds "11"]
[EventCountry "IRI"]
[SourceTitle "CBM 106 Extra"]
[Source "ChessBase"]
[SourceDate "2005.07.01"]
[SourceVersion "1"]
[SourceVersionDate "2005.07.01"]
[SourceQuality "1"]

1. c4 Nf6 2. Nc3 e6 3. e4 d5 4. cxd5 exd5 5. exd5 Nxd5 6. Bc4 Nxc3 7. bxc3 Be7 8. Nf3 0-0 9. 0-0 Nc6 10. d4 Bg4 11. Rb1 Bd6 12. h3 Bh5 13. Rb5 Bg6 14. Bd5 Rb8 15. Bg5 Qd7 16. Bc4 a6 17. Rb2 b5 18. Be2 f6 19. Be3 Na5 20. Nh4 Be4 21. Bd3 Bxd3 22. Qxd3 Nc4 23. Re2 Rfe8 24. Bc1 Rxe2 25. Qxe2 Re8 26. Qf3 Qe6 27. Qh5 c6 28. Nf5 Bf8 29. Ng3 g6 30. Qf3 f5 31. h4 Qd5 32. Qd1 Qe6 33. h5 Bd6 34. hxg6 hxg6 35. Qd3 Kg7 36. Rd1 f4 37. Nf1 Qg4 38. d5 c5 39. f3 Qg5 40. Nh2 Qh4 41. Ng4 Ne3 42. Bxe3 fxe3 43. Qe2 Rh8 44. Nxe3 Bg3 45. Nf5+ gxf5 0-1